Prístupový systém s použitím RFID

Uložené v:
Podrobná bibliografia
Hlavný autor: Líška, Lukáš (Autor)
Ďalší autori: Laštinec, Ján (Vedúci práce)
Médium: Rukopis Kniha
Jazyk:Slovak
Vydavateľské údaje: 2021
Predmet:
On-line prístup:http://is.stuba.sk/zp/portal_zp.pl?podrobnosti=157430
Tagy: Pridať tag
Žiadne tagy, Buďte prvý, kto otaguje tento záznam!

MARC

LEADER 00000ntm a22000003a 4500
001 stuzp85424
003 SK-STU
005 20210626212103.6
007 ta
008 150427s2015----xo-----f-mn---000-0-slo-d
040 |a STU  |b slo 
041 0 |a slo 
100 1 |a Líška, Lukáš  |u 070400  |4 aut  |U FIIT Fakulta informatiky a informačných technológií  |T FIIT Ústav počítačového inžinierstva a aplikovanej informatiky  |X 96947  |U I400  |Y 672  |7 96947 
242 0 1 |a Authentication system using RFID technology  |y eng 
245 1 0 |a Prístupový systém s použitím RFID 
260 |c 2021 
650 4 |a RFID  |2 slo 
650 4 |a Raspberry PI  |2 slo 
650 4 |a Dochádzkový Systém  |2 slo 
650 4 |a Raspberry PI  |2 eng 
650 4 |a RFID  |2 eng 
650 4 |a Attendance system  |2 eng 
700 1 |a Laštinec, Ján  |u 070300  |k Z3  |4 ths  |U FIIT Fakulta informatiky a informačných technológií  |T FIIT Ústav aplikovanej informatiky  |X 56214  |U I300  |Y 180  |7 A000056214 
856 4 |u http://is.stuba.sk/zp/portal_zp.pl?podrobnosti=157430